000
00310nam a22001337a 4500
008
171016b xxu||||| |||| 00| 0 eng d
020
_a
9780130319616
041
_a
eng
080
_a
331.101.262
100
_a
52
101
_a
BNJ
245
_a
THE HUMAN SIDE OF ORGANIZATIONS
_c
DRAFKE, M.W
942
_2
udc
_c
BK
999
_c
34253
_d
34253